000 00776cam a2200229 4500500
005 20260405003843.0
041 _afre
042 _adc
100 1 0 _aMoreau, Anne-Sophie
_eauthor
245 0 0 _aJérôme Fourquet : “Les questions identitaires sont au premier plan, et la question de l’immigration n’est pas anecdotique”
260 _c2024.
500 _a2
690 _aExtrême droite
690 _aGauche
690 _aIdentité
690 _aImmigration
690 _aJérôme Fourquet
690 _aLégislative
690 _aRassemblement national
786 0 _nPhilosophie magazine | 181 | 6 | 2024-07-01 | p. 21-22 | 1951-1787
856 4 1 _uhttps://shs.cairn.info/magazine-philosophie-magazine-2024-6-page-21?lang=fr&redirect-ssocas=7080
999 _c2071465
_d2071465